Ciberciudadanía o ciudadanía.com?

Gardado en:
Detalles Bibliográficos
Autor Principal: Pérez Luño, Antonio-Enrique (Author)
Formato: Libro
Idioma:Lingua castelá
Publicado: Barcelona Gedisa S. A 2004
Edición:1a. ed
Series:Cla.De.Ma Filosofía del Derecho
Subjects:
Tags: Engadir etiqueta
Sen Etiquetas, Sexa o primeiro en etiquetar este rexistro!

MARC

LEADER 00000cam a2200000 a 4500
001 UCC5906
003 CL-VaPUC
008 181109e20040000sp |||||||||||||||||spa|d
020 |a 8497840186 
082 0 4 |a 342.4207  |b PER  |2 21 
100 0 |a Pérez Luño, Antonio-Enrique  |e author  |9 518964 
245 1 0 |a Ciberciudadanía o ciudadanía.com? 
250 |a 1a. ed 
300 |a 142 p 
942 |c BK 
945 |d 20181109 15:19:00  |a dcastane 
260 |a Barcelona  |b Gedisa S. A  |c 2004 
650 0 |a Ciudadanía  |9 258339 
650 0 |a Participación ciudadana  |9 330304 
650 0 |a Votaciones  |9 460213 
650 7 |a LEY ELECTORAL  |2 CL-VaPUC  |9 600335 
583 |a last modification  |c 20181109 15:19:00  |k Rodrigo Vera 
490 0 |a Cla.De.Ma Filosofía del Derecho 
999 |c 373009  |d 373007 
952 |0 0  |1 0  |3 erb  |4 0  |6 342_420700000000000_PER_2004  |7 0  |8 A  |9 490922  |a BIBCUR  |b BIBCUR  |i 5512220  |o 342.4207 PER 2004  |p 5512220  |r 2025-04-22  |w 2019-11-24  |y BK  |z Catalogado en:20181109  |k PER